000 01013cam a22002891 4500
001 sa 68007311
003 DLC
005 20260227112522.0
008 860321s1967 ii 000 0 sanx
010 _asa 68007311
025 _aPL480:I-San-894
035 _a(OCoLC)13886743
040 _aDLC
_cNN
_dDLC
042 _apremarc
050 0 0 _aPK3760
_b.C5 1967
100 1 _aChaturvedi, Giridhar Sharma,
_d1881-1966.
_ecomp.
245 1 0 _aNibandhādarśaḥ.
_cSaṃgrāhakaḥ Giridharaśarmā Caturvedaḥ. Sampādakaḥ Śivadattaśarmā Caturvedaḥ.
250 _a[2. saṃskaṛaṇa]
260 _aVāranasī,
_bCaukhambā Saṃskṛta Sīrīja Āphisa,
_c1967.
300 _a10, 132 p.
_c19 cm.
490 1 _aHaridas Sanskrit series,
_v272
500 _aAdded t.p.: Nibandhādarśa; a collecton [sic] of ideal Sanskrit essays.
500 _aIn Sanskrit.
650 0 _aSanskrit essays.
700 1 _aChaturvedi, Shivadutta Sharma,
_eed.
830 0 _aHaridāsa-Saṃskr̥ta-granthamālā ;
_v272.
999 _c81798
_d81798